000
00204 a2200109 4500
020
_a
9789706420572
041
_a
spa
100
_a
Villar, Apollo
245
_a
Matemt̀icas 3
942
_c
BK
952
_7
1
999
_c
18225
_d
18225